00393nam a2200169Ia 4500003000400000005001700004008004100021020001500062040000700077041000800084082001900092100001900111245002100130260004300151300001600194365001300210OSt20230617112642.0210423s2014 xx 000 0 und d a8121904137 cAL aeng a539.7 GHOS223 aGHOSHAL (S N). aNuclear physics. aNew DelhibS Chand & Company Ltdc2014 axvi,845bPB b500cINR